| 000 | 00556cam a22002051 4500 | ||
|---|---|---|---|
| 001 | sa 65010285 | ||
| 003 | DLC | ||
| 005 | 20260227112207.0 | ||
| 008 | 090407s1965 pk a 000 0 eng | ||
| 010 | _asa 65010285 | ||
| 040 |
_aDLC _cDLC _dDLC |
||
| 050 | 0 | 0 |
_aDS384 _b.D55 |
| 100 | 1 |
_aDil, Anwar S. _eed. |
|
| 245 | 1 | 0 |
_aPerspectives on Pakistan. _cEdited by anwar s. Dil. |
| 250 | _a[1st ed.] | ||
| 260 |
_aAbbottabad, _bBookservice, _c[1965] |
||
| 300 |
_axi, 224 p. _billus. _c24 cm. |
||
| 490 | 0 |
_aPakistan studies series, _v1 |
|
| 651 | 0 | _aPakistan. | |
| 999 |
_c66673 _d66673 |
||